Homonymes de villes françaises - Statistiques

Statistiques générales
  • Ce quiz a été pris 119 fois
    118 depuis la dernière actualisation
  • Le résultat moyen est 4 sur 7
Statistiques - réponses
Département Pays de l'homonyme Ville française % Correct
Hérault Etats-Unis Montpellier (Montpelier)
87%
Drôme Espagne Valence
82%
Finistère Biélorussie Brest
81%
Alpes-Maritimes Serbie Nice (Nis)
67%
Isère Autriche Vienne
62%
Gironde Belgique Bruges
39%
Calvados Brésil Bayeux
15%
Aucun quiz correspondant
Distribution des résultats
% des personnes avec chaque résultat
Percentile par nombre de réponses
Votre historique - résultats
Vous n’avez pas pris ce quiz depuis la dernière actualisation